000 00685nam a2200253Ia 4500
003 OSt
005 20220918165325.0
006 a|||||r|||| 00| 0
007 ta
008 220917b |||||||| |||| 00| 0 eng d
020 _a333 14582 8
024 _a20,029
037 _cTextual
040 _aARTS
_cARTS
_beng
041 _2eng
_aeng
082 _aO111,3M3:g, L3
100 _aWinnifrith Tom
_923796
245 0 _aBrontes and their background romance and reality
260 _aLondon
_bMacmillan UK
_c1973
300 _axi;276p.
_ccm.
650 _aENGLISH LITERATURE
942 _hO111,3M3:g, L3
_cTEXL
_2CC
999 _c129305
_d129305